000
00319nam a22001457a 4500
003
SGT
020
_a
978-81-7637-059-2
082
_a
615.53
_b
A17G
100
_a
GAUR, BANWARILAL
245
_a
ASTANGA HRDAYAM
260
_a
VARANASI
_b
CHAUKHAMBHA PUB
_c
2017
300
_a
476
650
_a
AYURVEDA
942
_2
ddc
_c
BK
_0
9
999
_c
14485
_d
14485